| 000 | 00382nam a2200121Ia 4500 | ||
|---|---|---|---|
| 005 | 20260328101511.0 | ||
| 008 | 260328s9999||||xx |||||||||||||| ||und|| | ||
| 100 | _aTunnard, Christopher | ||
| 245 | 0 |
_aSilueta Urbana de norteamérica : _b El crecimiento y la Forma de nuestras Ciudades y poblaciones / _cChristopher Tunnard |
|
| 300 | _a355 p. | ||
| 650 | _aDISEÑO URBANO | ||
| 942 | _cBK | ||
| 999 |
_c9206 _d9206 |
||